University Home | Library Home | Institutional Repository

Where peoples meet : (Record no. 178727)

MARC details
000 -LEADER
fixed length control field 00929cam5a220024100 4500
001 - CONTROL NUMBER
control field qce01683226
005 - DATE AND TIME OF LATEST TRANSACTION
control field 20190830090951.0
008 - FIXED-LENGTH DATA ELEMENTS--GENERAL INFORMATION
fixed length control field 731003s1952 ilu b 000 0 eng
010 ## - LIBRARY OF CONGRESS CONTROL NUMBER
LC control number 52013967 /L
035 ## - SYSTEM CONTROL NUMBER
System control number (Sirsi) r108062
035 ## - SYSTEM CONTROL NUMBER
System control number (QCAT)lss00475616
035 ## - SYSTEM CONTROL NUMBER
System control number (UPRA)qce01683226
040 ## - CATALOGING SOURCE
Modifying agency UPRA
100 1# - MAIN ENTRY--PERSONAL NAME
Personal name Hughes, Everett Cherrington, 1897-
Dates associated with a name Hughes, Everett Cherrington, 1897-
Linkage A49406.1
245 10 - TITLE STATEMENT
Title Where peoples meet :
Remainder of title racial and ethnic frontiers /
Statement of responsibility, etc. by Everett Cherrington Hughes and Helen MacGill Hughes.
260 ## - PUBLICATION, DISTRIBUTION, ETC.
Place of publication, distribution, etc. Glencoe, IL :
Name of publisher, distributor, etc. Free Press,
Date of publication, distribution, etc. [c1952]
504 ## - BIBLIOGRAPHY, ETC. NOTE
Bibliography, etc. note Bibliographical footnotes.
650 #0 - SUBJECT ADDED ENTRY--TOPICAL TERM
Topical term or geographic name entry element Race relations.
Linkage S22134.1
651 #0 - SUBJECT ADDED ENTRY--GEOGRAPHIC NAME
Geographic name United States -- Race relations.
General subdivision United States -- Race relations.
Linkage S2873.1
700 1# - ADDED ENTRY--PERSONAL NAME
Personal name Hughes, Helen MacGill, 1903-
Dates associated with a name Hughes, Helen MacGill, 1903-
Linkage A66414.1
949 ## - LOCAL PROCESSING INFORMATION (OCLC)
a HT1521
w lcc
i -154059
m MAIN
t BOOK
l ON-SHELF

No items available.

© 2026 - The University of Zambia Library - Koha v25.11